00268nam a2200073 4500100004200000245011700042260002800159300000700187 aGunawardana,Kawshalya Gyathri W.G.B.K aAntioxidant and Anti-tyrisinase Activities of Peel, Leaves and Twigs of Sri Lankan Vriety of Annona squamosa L.  aRjagiriyabIchemcc2018 a28